[Event "Ambelokipi op 162th"]
[Site "Athens"]
[Date "2017.01.17"]
[Round "2"]
[White "Lakafosis, Ioannis"]
[Black "Nikolaou, Georgios"]
[Result "0-1"]
[WhiteElo "1975"]
[BlackElo "2229"]
[PlyCount "82"]
[EventDate "2017.01.11"]
[EventType "swiss"]
[EventRounds "7"]
[EventCountry "GRE"]
[SourceTitle "EXT 2024"]
[Source "ChessBase"]
[SourceDate "2023.10.10"]
[SourceVersion "1"]
[SourceVersionDate "2023.10.10"]
[SourceQuality "1"]

1. e4 c5 2. b4 cxb4 3. d4 d5 4. e5 Bf5 5. a3 e6 6. axb4 Bxb4+ 7. c3 Be7 8. Bd3 Bxd3 9. Qxd3 Nc6 10. Ne2 h5 11. 0-0 a6 12. Na3 Rc8 13. f4 Nh6 14. Qh3 g6 15. Nc2 Na5 16. Ne3 Nc4 17. Nd1 Nf5 18. Nf2 Qc7 19. Qf3 Qc6 20. g3 b5 21. h3 a5 22. g4 hxg4 23. hxg4 Nh4 24. Qh3 Kd7 25. Nd3 Rcg8 26. Rf2 Rh7 27. Kf1 Rgh8 28. Ne1 Nf5 29. Qd3 Rh3 30. Rf3 Rh1+ 31. Ng1 Nh6 32. Rg3 a4 33. Qf3 Rh4 34. Ng2 Rh2 35. Rh3 Rxh3 36. Nxh3 Na5 37. f5 Nb3 38. Rb1 gxf5 39. Bxh6 Rxh6 40. Rb2 fxg4 41. Qxg4 Qxc3 0-1

[Event "GRE-ch U20"]
[Site "Greece"]
[Date "2009.01.05"]
[Round "6"]
[White "Lakafosis, Ioannis"]
[Black "Papadopoulos, Nikolaos"]
[Result "0-1"]
[WhiteElo "1930"]
[BlackElo "2129"]
[PlyCount "96"]
[EventDate "2009.01.02"]
[EventType "swiss"]
[EventRounds "9"]
[EventCountry "GRE"]
[SourceTitle "EXT 2011"]
[Source "ChessBase"]
[SourceDate "2010.11.26"]
[SourceVersion "1"]
[SourceVersionDate "2010.11.26"]
[SourceQuality "1"]

1. Nf3 Nf6 2. g3 d5 3. Bg2 c6 4. c4 Bg4 5. Ne5 Bc8 6. d4 e6 7. Nc3 Be7 8. 0-0 0-0 9. e4 dxe4 10. Be3 Nbd7 11. Nxe4 Nxe5 12. dxe5 Nxe4 13. Bxe4 Qc7 14. Bf4 Bd7 15. Qh5 g6 16. Qf3 Rfd8 17. h4 c5 18. h5 Be8 19. b3 Rab8 20. Kg2 Rd4 21. Kg1 a6 22. Rfd1 Bc6 23. Bxc6 bxc6 24. Be3 Rdd8 25. Kg2 Rbc8 26. Qf4 Bf8 27. Rh1 Bg7 28. hxg6 hxg6 29. Qh4 Qxe5 30. Rae1 Qf5 31. Qh7+ Kf8 32. Bh6 Bxh6 33. Qxh6+ Ke7 34. Qh4+ g5 35. Qh6 Rd3 36. Qg7 Rd2 37. Ref1 Qf6 38. Qh7 g4 39. Qe4 Rd4 40. Qe2 Rh8 41. Qe3 Rxh1 42. Rxh1 Qf5 43. Rh8 Rd3 44. Qe2 Qf3+ 45. Qxf3 gxf3+ 46. Kg1 Rd1+ 47. Kh2 Rf1 48. Kh3 Rh1+ 0-1

[Event "GRE-ch U20"]
[Site "Greece"]
[Date "2009.01.05"]
[Round "5"]
[White "Papadopoulos, Georgios1"]
[Black "Lakafosis, Ioannis"]
[Result "1/2-1/2"]
[WhiteElo "1664"]
[BlackElo "1930"]
[PlyCount "69"]
[EventDate "2009.01.02"]
[EventType "swiss"]
[EventRounds "9"]
[EventCountry "GRE"]
[SourceTitle "EXT 2011"]
[Source "ChessBase"]
[SourceDate "2010.11.26"]
[SourceVersion "1"]
[SourceVersionDate "2010.11.26"]
[SourceQuality "1"]

1. e4 Nf6 2. Nc3 e5 3. f4 d5 4. fxe5 Nxe4 5. Nf3 Be7 6. d4 0-0 7. Bd3 f5 8. exf6 Bxf6 9. 0-0 Bf5 10. Qe2 Nc6 11. Be3 Qd7 12. Nxd5 Rae8 13. Nxf6+ Nxf6 14. Bxf5 Qxf5 15. Qc4+ Kh8 16. Ne5 Nxe5 17. dxe5 Qxe5 18. Bf4 Qe2 19. Qxc7 Rc8 20. Qxb7 Rxc2 21. b3 Ne4 22. Bd2 Rg8 23. Rae1 Qxd2 24. Qxe4 Rxa2 25. Qf3 h6 26. Re7 Rd8 27. Rf7 Qd4+ 28. Kh1 Qd3 29. Rf8+ Kh7 30. Rxd8 Qxd8 31. Qf5+ Kh8 32. Qc5 Qd3 33. Rc1 Rd2 34. Qh5 Qe4 35. Qh3 1/2-1/2

[Event "Ambelokipi op 089th"]
[Site "Athens"]
[Date "2008.09.17"]
[Round "4"]
[White "Trivizas, Mihail"]
[Black "Lakafosis, Ioannis"]
[Result "0-1"]
[WhiteElo "2055"]
[BlackElo "1877"]
[PlyCount "84"]
[EventDate "2008.09.06"]
[EventType "swiss"]
[EventRounds "6"]
[EventCountry "GRE"]
[SourceTitle "EXT 2024"]
[Source "ChessBase"]
[SourceDate "2023.10.10"]
[SourceVersion "1"]
[SourceVersionDate "2023.10.10"]
[SourceQuality "1"]

1. d4 d5 2. c4 c6 3. Nc3 e6 4. cxd5 cxd5 5. Bf4 Bd6 6. Bg3 Nf6 7. e3 a6 8. Nf3 Nc6 9. Rc1 0-0 10. Bd3 Re8 11. 0-0 Bxg3 12. hxg3 Bd7 13. Na4 Nb4 14. Bb1 Bb5 15. Re1 Qa5 16. Nc3 Bd7 17. Ne5 Rec8 18. g4 Be8 19. a3 Nc6 20. Nd3 Qd8 21. Nc5 b6 22. N5a4 Na5 23. g5 Nd7 24. Qg4 Nb3 25. Rcd1 b5 26. Nc5 Nbxc5 27. dxc5 Rxc5 28. f4 f5 29. gxf6 Qxf6 30. e4 Qh6 31. exd5 Bh5 32. Qxe6+ Qxe6 33. dxe6 Bxd1 34. exd7 Bh5 35. Ba2+ Kf8 36. Re5 Rxe5 37. fxe5 Bg4 38. e6 Ke7 39. Nd5+ Kd6 40. Nb6 Rh8 41. Nc8+ Ke5 42. Ne7 Bxe6 0-1

[Event "Ambelokipi op 80th"]
[Site "Athens"]
[Date "2007.09.12"]
[Round "2"]
[White "Lakafosis, Ioannis"]
[Black "Anastasopoulos, Spyros"]
[Result "0-1"]
[WhiteElo "1872"]
[BlackElo "2103"]
[PlyCount "56"]
[EventDate "2007.09.08"]
[EventType "swiss"]
[EventRounds "7"]
[EventCountry "GRE"]
[SourceTitle "EXT 2008"]
[Source "ChessBase"]
[SourceDate "2007.11.25"]
[SourceVersion "1"]
[SourceVersionDate "2007.11.25"]
[SourceQuality "1"]

1. e4 c5 2. Nc3 Nc6 3. f4 g6 4. Nf3 Bg7 5. Bb5 Nd4 6. Bd3 d6 7. Nxd4 cxd4 8. Ne2 Qb6 9. 0-0 Nf6 10. Kh1 0-0 11. a4 Bg4 12. c3 Bxe2 13. Qxe2 a5 14. b4 axb4 15. cxb4 Qxb4 16. Rb1 Qxa4 17. Rxb7 Ra7 18. Bc2 Qa5 19. Rb5 Qc7 20. Bd3 Ra1 21. Bb2 Rxf1+ 22. Qxf1 Nd7 23. Bc4 Rb8 24. f5 Rxb5 25. fxg6 Rb8 26. Qxf7+ Kh8 27. gxh7 Nf6 28. g3 Qb7 0-1